1001 INVENTIONS THAT CHANGED THE WORKED (Record no. 780028)

MARC details
000 -LEADER
fixed length control field 00427pam a2200157a 44500
008 - FIXED-LENGTH DATA ELEMENTS--GENERAL INFORMATION
fixed length control field 230405s2014 xxu||||| |||| 00| 0 eng d
041 ## - LANGUAGE CODE
Language code of text/sound track or separate title ENG
100 ## - MAIN ENTRY--PERSONAL NAME
Personal name JACK CHALLONER
245 ## - TITLE STATEMENT
Title 1001 INVENTIONS THAT CHANGED THE WORKED
250 ## - EDITION STATEMENT
Edition statement 2011 . Ed.
260 ## - PUBLICATION, DISTRIBUTION, ETC.
Place of publication, distribution, etc. N.DELHI
Name of publisher, distributor, etc. PRINTED AND BOUND IN SINGAPORE BY TINWAH PRESS P K LTD DARYAGANJ
Date of publication, distribution, etc. 2014
300 ## - PHYSICAL DESCRIPTION
Extent 960p.
440 ## - SERIES STATEMENT/ADDED ENTRY--TITLE
Title 500.00
690 ## - LOCAL SUBJECT ADDED ENTRY--TOPICAL TERM (OCLC, RLIN)
Topical term or geographic name as entry element G.S.
906 ## - LOCAL DATA ELEMENT F, LDF (RLIN)
a 1758
Holdings
Withdrawn status Lost status Damaged status Not for loan Collection Home library Current library Shelving location Date acquired Total Checkouts Full call number Barcode Date last seen Price effective from Koha item type
          Institute of Technology(Poly), Kolhapur Institute of Technology(Poly), Kolhapur   03/04/2014   423.46/CHA ITK-8414 26/07/2023 26/07/2023 Book